000 01048nam a22001817a 4500
999 _c56880
_d56880
003 Ge_BSU
005 20190605142331.0
008 190605b1981 ge ||||| |||| 00| 0 geo d
041 _ageo
080 _a681.51(075.8) ჩ-76
100 _aჩოგოვაძე, გ
_9947
245 _aმართვის ავტომატიზებული სისტემების აგების საფუძვლები. ნაწ. 1 : მასების არქიტექტურა /
_cგ. ჩოგოვაძე.
264 _aთბილისი :
_bთბილ. უნ-ტის გამ-ბა,
_c1981.
300 _a196 გვ. :
_bილ.
_c20 სმ.
_eლიტ. სია: გვ.150-192ვ ; სახელთა საძიებელი: გვ193-194.
653 _aმართვის ავტომატიზებული სისტემების აგების საფუძვლები
710 _eთბილ. უნ-ტის გამ-ბა,
_92106
942 _2udc
_cBK